| 000 | 004060000a22001570004500 | ||
|---|---|---|---|
| 001 | 004291 | ||
| 003 | MACL | ||
| 040 | _aMACL | ||
| 090 |
_c16284 _d16283 |
||
| 100 | _aChattopadhyaya, D.P. | ||
| 245 |
_aThe Dawn Of Indian Civilization Up To 600 BC Volume 2 Part 3 _cD.P. Chattopadhyaya |
||
| 260 |
_aCentre For Studies In Civilizations, _c2004 |
||
| 350 | _a1600 | ||
| 650 | _aHistory | ||
| 942 |
_k910 _cBook |
||
| 999 |
_c16182 _d16182 |
||